Rozhodne číslo sedem Generálna dohoda a jej štyri nedoriešené body

Bibliographic Details
Main Authors: Kalman, Jozef (Author), Korimová, Anna (Author)
Format: Article
Language:Slovak
PhysicalDescription:Fotogr. 1
Subjects:

MARC

LEADER 00000nab a2200000 a 4500
001 vtls000574031
003 SK-MaSNL
005 20260303013050.0
008 160202c1996 xo 0 slo
015 |a SNBRB19rr/mm-uuuuu 
035 |a CL0574169 
040 |a SNKBUCL  |b slo  |c SNKBUCL  |e AACR2 
041 0 |a slo 
044 |a xo  |c SK 
080 |a 331.881(437.6):331.882(437.6):328.1(437.6)  |2 1981 
080 |a 331.882(437.6)  |2 1981 
080 |a 328.1(437.6)  |2 1981 
100 1 |a Kalman, Jozef  |4 aut  |9 702082 
245 1 0 |a Rozhodne číslo sedem  |b Generálna dohoda a jej štyri nedoriešené body  |c Jozef Kalman, Anna Korimová 
300 |b Fotogr. 1 
650 0 7 |a dohoda generálna  |2 snkbucl  |9 899203 
655 7 |a články z novín a časopisov  |2 snkbucl  |9 267496 
700 1 |a Korimová, Anna  |4 aut  |9 839750 
773 0 |t Slovenská republika  |g Roč. 3, č. 33 (9. 2. 1996), s. 3 
850 |a Slovenská národná knižnica v Martine  |a MTA001 
852 |a SNK  |b KIS3GCP 
958 |a RK 
958 |a SK 
992 |a RBX 
999 |c 1600524  |d 1602454